[Event "SPA Open A"]
[Site "Amsterdam NED"]
[Date "2011.07.16"]
[Round "8"]
[White "Wiersma,E"]
[Black "Nijboer,F"]
[Result "1/2-1/2"]
[WhiteElo "2390"]
[BlackElo "2546"]
[EventDate "2011.07.09"]

1. d4 f5 2. g3 Nf6 3. Bg2 g6 4. Nf3 Bg7 5. b3 O-O 6. Bb2 d6 7. O-O Ne4 8.
Nbd2 Nc6 9. Ne1 Ng5 10. f4 Nf7 11. Nc4 e6 12. e3 Bd7 13. Nd3 Rb8 14. Qe2
Re8 15. Rad1 Qe7 16. a4 a6 17. Rfe1 b5 18. axb5 axb5 19. Nd2 b4 20. Nc4 d5
21. Nce5 Ncxe5 22. fxe5 Bb5 23. Qd2 Bxd3 24. cxd3 c5 25. dxc5 Nxe5 26. Bxe5
Bxe5 27. d4 Bc7 28. Ra1 h5 29. Ra7 Qg7 30. Rea1 Re7 31. Ra8 Rxa8 32. Rxa8+
Kh7 33. Qxb4 h4 34. Qe1 Qh6 35. Rc8 hxg3 36. hxg3 Qg5 37. Kh2 Qh6+ 38. Kg1
Qg5 39. Rxc7 Rxc7 40. b4 Ra7 41. b5 Ra3 42. Kf2 e5 43. dxe5 d4 44. exd4
Qxg3+ 45. Kf1 Qf4+ 46. Kg1 Qxd4+ 47. Qf2 Ra1+ 48. Bf1 Qxe5 49. b6 Rc1 50.
b7 Kg7 51. c6 Rxc6 52. Qa7 Qg3+ 53. Kh1 Qf3+ 54. Kg1 Qg3+ 55. Kh1 Qf3+ 56.
Kg1 Qg3+ 1/2-1/2

[Event "SPA Open A"]
[Site "Amsterdam NED"]
[Date "2011.07.16"]
[Round "8"]
[White "Posedaru,B"]
[Black "Horvath,Cs1"]
[Result "0-1"]
[WhiteElo "2354"]
[BlackElo "2517"]
[EventDate "2011.07.09"]

1. d4 Nf6 2. c4 g6 3. Nc3 d5 4. Nf3 Bg7 5. e3 O-O 6. b4 c6 7. Bb2 Bg4 8. h3
Bxf3 9. Qxf3 a5 10. b5 a4 11. Rc1 Qa5 12. Bd3 dxc4 13. Bxc4 e5 14. Ba3 exd4
15. Bxf8 dxc3 16. Bxg7 Kxg7 17. e4 c2+ 18. Ke2 Nbd7 19. Rxc2 Re8 20. Qc3
Rxe4+ 21. Kd1 Qb6 22. Re1 Rd4+ 23. Kc1 cxb5 24. Bxb5 Nd5 25. Qa1 N7f6 26.
a3 Nf4 27. Bf1 Ne6 28. Rd1 Nc5 29. Rc3 Nb3+ 30. Rxb3 Rxd1+ 31. Kxd1 axb3
32. Qb2 Qe6 33. Qd4 Qc6 34. Qb2 Qe6 35. Qd4 Qc6 36. Qb2 Qd5+ 37. Kc1 Qe4
38. Kd1 Qf4 39. f3 Qe3 40. a4 b6 41. h4 h5 42. Be2 Qg1+ 43. Kd2 Qxg2 44.
Qxb3 Qf2 45. Qc4 Nd7 46. Qd5 Nf8 47. Qe5+ Kg8 48. Kc3 Qe1+ 49. Kc4 Ne6 50.
Kd5 Qxh4 51. Bb5 Qd8+ 52. Kc6 h4 53. Kb7 Nc5+ 54. Kc6 Nxa4 55. Bxa4 Qa8+
0-1

[Event "SPA Open A"]
[Site "Amsterdam NED"]
[Date "2011.07.16"]
[Round "8"]
[White "Bezemer,A"]
[Black "Riemersma,L"]
[Result "1/2-1/2"]
[WhiteElo "2348"]
[BlackElo "2416"]
[EventDate "2011.07.09"]

1. e4 c5 2. Nf3 g6 3. c4 Bg7 4. d4 Qb6 5. dxc5 Qxc5 6. Bd3 d6 7. h3 Be6 8.
Qe2 Nc6 9. O-O Nb4 10. Na3 Nxd3 11. Qxd3 Nf6 12. Be3 Qa5 13. Rfe1 Rc8 14.
Bd4 O-O 15. Rac1 a6 16. Qe3 b5 17. Qd2 Qxd2 18. Nxd2 Bh6 19. Be3 Bxe3 20.
Rxe3 d5 21. exd5 Nxd5 22. Re4 Rfd8 23. Nb3 Nf6 24. Rd4 Rxd4 25. Nxd4 b4 26.
Nac2 Rxc4 27. Rd1 a5 28. Ne3 Rc5 29. Nxe6 fxe6 30. Rd2 Rc1+ 31. Kh2 Ne4 32.
Rd8+ Kf7 33. Ra8 Rc5 34. f3 Nd6 35. Kg1 h5 36. g4 e5 37. Kf2 h4 38. Ke2 e4
39. fxe4 Nxe4 40. Kd3 Nd6 41. Kd4 Rb5 42. Ra6 e5+ 43. Kd3 Ke7 44. Ra7+ Ke6
45. Rh7 b3 46. a3 Rc5 47. Rg7 Kf6 48. Rd7 Rc6 49. a4 Kg5 50. Ra7 Kf4 51.
Rxa5 Nb7 52. Rb5 Nc5+ 53. Ke2 Ne6 54. Nd5+ Kg5 55. Ke3 Nd4 56. Rb6 Rc2 57.
Ne7 Re2+ 58. Kd3 Rxb2 59. Rxg6+ Kf4 60. Nd5+ Kg3 61. Rb6 Ra2 62. Nc3 Ra3
63. g5 Kxh3 64. g6 Nf5 65. Ke4 Ng7 66. Kxe5 b2 67. Nb1 Rxa4 68. Rxb2 Ra6
69. Nc3 Rxg6 70. Ne4 Rg2 71. Nf2+ Kg3 72. Ne4+ Kh2 73. Rb3 Nh5 74. Rb8 Ng3
75. Rh8 h3 76. Ng5 Re2+ 77. Kd5 Ra2 1/2-1/2

[Event "SPA Open A"]
[Site "Amsterdam NED"]
[Date "2011.07.16"]
[Round "8"]
[White "Schoorl,R"]
[Black "Bosboom,M"]
[Result "1-0"]
[WhiteElo "2262"]
[BlackElo "2399"]
[EventDate "2011.07.09"]

1. e4 c5 2. Nf3 d6 3. d4 cxd4 4. Nxd4 Nf6 5. Nc3 a6 6. f4 Nbd7 7. Nf3 e6 8.
Bd3 b5 9. Qe2 Qc7 10. e5 b4 11. exf6 bxc3 12. fxg7 Bxg7 13. b4 a5 14. b5
Nb6 15. O-O Bb7 16. f5 e5 17. f6 Bxf6 18. Ng5 Bxg5 19. Bxg5 Bd5 20. Bf5 Rg8
21. Qh5 Kf8 22. Bxh7 Rxg5 23. Qxg5 Qd8 24. Rf6 Nd7 25. Qh6+ Ke7 26. Rxd6
Qc7 27. Rxd5 Nf6 28. Qg5 Qb6+ 29. Kh1 Rh8 30. Rxe5+ 1-0

[Event "SPA Open A"]
[Site "Amsterdam NED"]
[Date "2011.07.16"]
[Round "8"]
[White "Testa,Ad"]
[Black "Kohler,Ar"]
[Result "1-0"]
[WhiteElo "2269"]
[BlackElo "2225"]
[EventDate "2011.07.09"]

1. d4 d5 2. c4 c6 3. Nf3 Nf6 4. e3 e6 5. b3 Nbd7 6. Bd3 g5 7. h3 h5 8. Nbd2
Rg8 9. Bb2 g4 10. hxg4 hxg4 11. Ne5 g3 12. f4 Nxe5 13. fxe5 Ng4 14. Qf3 Nf2
15. Rh7 Qc7 16. Ke2 b6 17. Nf1 Ba6 18. Nxg3 Nxd3 19. Kxd3 dxc4+ 20. bxc4
O-O-O 21. Kc3 Kb8 22. c5 bxc5 23. Kc2 cxd4 24. Bxd4 c5 25. Rb1+ Kc8 26.
Rxf7 Be7 27. Rxe7 cxd4+ 28. Rxc7+ Kxc7 29. Qf7+ 1-0

[Event "SPA Open A"]
[Site "Amsterdam NED"]
[Date "2011.07.16"]
[Round "8"]
[White "Visser,HJ"]
[Black "Afek,Y"]
[Result "1-0"]
[WhiteElo "2225"]
[BlackElo "2298"]
[EventDate "2011.07.09"]

1. e4 c5 2. Nf3 Nc6 3. d4 cxd4 4. Nxd4 g6 5. Nc3 Bg7 6. Be3 Nf6 7. Bc4 Qa5
8. O-O O-O 9. Bb3 d6 10. h3 Bd7 11. Re1 Rac8 12. Qe2 a6 13. Rad1 b5 14. Nd5
Nxd5 15. Nxc6 Bxc6 16. exd5 Bd7 17. c3 Rfe8 18. Bg5 Bf6 19. Qd2 Qd8 20. Bh6
a5 21. a3 Rb8 22. Re4 Bf5 23. Re2 b4 24. cxb4 axb4 25. a4 Qb6 26. Rde1 Rb7
27. Qf4 Bg7 28. Bxg7 Kxg7 29. Bc4 b3 30. g4 e5 31. dxe6 Bxe6 32. g5 Qd8 33.
Bxe6 fxe6 34. Rxe6 Rf8 35. Qd4+ Kg8 36. Qd5 Rbf7 37. Rf6 Qd7 38. Ree6 Qxa4
39. Rxf7 Rxf7 40. Rf6 Qd7 41. Rxd6 1-0

[Event "SPA Open A"]
[Site "Amsterdam NED"]
[Date "2011.07.17"]
[Round "9"]
[White "Lenderman,A"]
[Black "Sedlak,N"]
[Result "1/2-1/2"]
[WhiteElo "2525"]
[BlackElo "2580"]
[EventDate "2011.07.09"]

1. c4 Nf6 2. Nf3 g6 3. Nc3 d5 4. cxd5 Nxd5 5. Qc2 Bg7 6. e4 Nxc3 7. dxc3
Nd7 8. h4 h6 9. Be3 c6 10. h5 g5 11. O-O-O Qc7 12. Nd4 Ne5 13. f3 Bd7 14.
Be2 O-O-O 15. g3 Bf6 16. Qa4 a6 17. Nb3 c5 18. Qa5 Qxa5 19. Nxa5 Bb5 20.
Bxb5 axb5 21. f4 Ng4 22. Bxc5 e5 23. f5 Kc7 24. Nb3 b6 25. Bg1 Be7 26. Rxd8
Rxd8 27. Kc2 Kc6 28. Nd2 Bc5 29. Nf3 Bxg1 30. Rxg1 Ne3+ 31. Kc1 f6 32. g4
Rd3 33. Nd2 Nc4 34. Nxc4 bxc4 35. Rd1 Re3 36. Rd8 Rxe4 37. Rh8 Rxg4 38.
Rxh6 Kd5 39. Rxf6 Rg1+ 40. Kd2 Ke4 41. h6 Kf3 42. Re6 e4 43. f6 Rg2+ 44.
Kc1 Rg1+ 1/2-1/2

[Event "SPA Open A"]
[Site "Amsterdam NED"]
[Date "2011.07.17"]
[Round "9"]
[White "Popovic,Du"]
[Black "Tan,Mat"]
[Result "1/2-1/2"]
[WhiteElo "2569"]
[BlackElo "2400"]
[EventDate "2011.07.09"]

1. e4 e6 2. d4 d5 3. Nd2 Nf6 4. e5 Nfd7 5. Bd3 c5 6. c3 Nc6 7. Ngf3 g6 8.
h4 h6 9. Bc2 a5 10. Nf1 cxd4 11. cxd4 Bb4+ 12. Bd2 Qb6 13. Bc3 Bxc3+ 14.
bxc3 Qb2 15. Rb1 Qxc3+ 16. Qd2 Qxd2+ 17. Kxd2 a4 18. Ne3 1/2-1/2

[Event "SPA Open A"]
[Site "Amsterdam NED"]
[Date "2011.07.17"]
[Round "9"]
[White "Pruijssers,R"]
[Black "Miedema,D"]
[Result "1-0"]
[WhiteElo "2461"]
[BlackElo "2399"]
[EventDate "2011.07.09"]

1. e4 e6 2. d4 d5 3. Nc3 Bb4 4. e5 Ne7 5. a3 Bxc3+ 6. bxc3 c5 7. Qg4 O-O 8.
Bd3 Nbc6 9. Qh5 Ng6 10. Nf3 Qc7 11. Be3 c4 12. Bxg6 fxg6 13. Qg4 Qf7 14.
Ng5 Qe8 15. h4 Ne7 16. Qe2 Bd7 17. g4 Qc8 18. h5 gxh5 19. Rxh5 h6 20. Nf3
Be8 21. Rh3 Bg6 22. Nh4 Bh7 23. g5 hxg5 24. Bxg5 Qe8 25. O-O-O Nf5 26. Rdh1
Nxh4 27. Rxh4 Be4 28. Rg1 Qg6 29. Qe1 Qf5 30. Bf6 Rxf6 31. exf6 Qxf6 32.
Rhg4 g6 33. Rxe4 dxe4 34. Qxe4 Qf5 35. Rxg6+ Kf7 36. Rxe6 Qxe6 37. Qxb7+
Qe7 38. Qxa8 Qxa3+ 39. Kd2 Qa6 40. Qd5+ Ke8 41. Qg8+ Kd7 42. Qg7+ Kc8 43.
f4 Qd6 44. Qe5 Qh6 45. Qe4 a5 46. Kc1 Kc7 47. d5 Qa6 48. Qe7+ 1-0

[Event "SPA Open A"]
[Site "Amsterdam NED"]
[Date "2011.07.17"]
[Round "9"]
[White "Haslinger,S"]
[Black "Schoorl,R"]
[Result "1-0"]
[WhiteElo "2548"]
[BlackElo "2262"]
[EventDate "2011.07.09"]

1. e4 e5 2. Nf3 Nc6 3. Bc4 Nf6 4. d3 Be7 5. O-O O-O 6. Re1 d6 7. a4 h6 8.
a5 Rb8 9. c3 Nh7 10. b4 Bf6 11. h3 a6 12. Nbd2 Be6 13. Qb3 Qd7 14. Nf1 Rbd8
15. Ne3 Ne7 16. Bxe6 fxe6 17. Rb1 c6 18. c4 Ng5 19. Nh2 Ng6 20. b5 axb5 21.
cxb5 d5 22. Neg4 Qf7 23. bxc6 bxc6 24. Qb7 Qxb7 25. Rxb7 Rf7 26. Rb6 Ra7
27. Bxg5 hxg5 28. Rxc6 Rxa5 29. Rxe6 Nf4 30. Nxf6+ Kf7 31. Rb6 gxf6 32. Ng4
Ne6 33. Nh6+ Ke7 34. Nf5+ Kf7 35. Nd6+ Rxd6 36. Rxd6 d4 37. Rc1 Nf4 38.
Rcc6 Nxd3 39. Rxf6+ Ke7 40. Rh6 Ra1+ 41. Kh2 1-0

[Event "SPA Open A"]
[Site "Amsterdam NED"]
[Date "2011.07.17"]
[Round "9"]
[White "Nijboer,F"]
[Black "Testa,Ad"]
[Result "1-0"]
[WhiteElo "2546"]
[BlackElo "2269"]
[EventDate "2011.07.09"]

1. e4 e5 2. Nf3 Nc6 3. Bb5 Nf6 4. d3 Bc5 5. c3 O-O 6. O-O d5 7. exd5 Qxd5
8. Bc4 Qd7 9. b4 Bd6 10. Re1 h6 11. Nbd2 Re8 12. h3 a6 13. a4 Qe7 14. Bb2
Bf5 15. Ne4 Nxe4 16. dxe4 Be6 17. Bf1 a5 18. b5 Nb8 19. Qc2 Nd7 20. Nd2 Qg5
21. Nf3 Qf6 22. Be2 Bc5 23. Rf1 Nf8 24. Kh2 Nh7 25. c4 Ng5 26. Nxe5 Nxe4
27. Qxe4 Bf5 28. Qd5 Bd6 29. f4 c6 30. Qf3 1-0

[Event "SPA Open A"]
[Site "Amsterdam NED"]
[Date "2011.07.17"]
[Round "9"]
[White "Riemersma,L"]
[Black "Vroombout,E"]
[Result "1-0"]
[WhiteElo "2416"]
[BlackElo "2175"]
[EventDate "2011.07.09"]

1. d4 Nf6 2. c4 g6 3. Nc3 Bg7 4. e4 d6 5. f3 O-O 6. Bg5 c6 7. Qd2 a6 8. Bd3
b5 9. Nge2 e5 10. d5 b4 11. Nd1 cxd5 12. cxd5 a5 13. a3 Na6 14. Bc4 Rb8 15.
O-O Nc5 16. Nf2 Bd7 17. Rfc1 Qb6 18. Be3 Rfc8 19. Rc2 Qb7 20. Nd3 Nxd3 21.
Qxd3 Bb5 22. Bxb5 Rxc2 23. Qxc2 Qxb5 24. a4 Qa6 25. Rc1 Ne8 26. Qc4 Qxc4
27. Rxc4 Bf6 28. Nc1 Bd8 29. Nb3 f5 30. Kf1 Kf7 31. Ke2 f4 32. Bf2 g5 33.
Kd3 Ra8 34. Rc6 Ke7 35. Nd2 Kd7 36. Nc4 Ke7 37. Nxd6 1-0

[Event "SPA Open A"]
[Site "Amsterdam NED"]
[Date "2011.07.17"]
[Round "9"]
[White "Van Hengel,H"]
[Black "Wiersma,E"]
[Result "1/2-1/2"]
[WhiteElo "2203"]
[BlackElo "2390"]
[EventDate "2011.07.09"]

1. e4 c5 2. Nf3 Nc6 3. d4 cxd4 4. Nxd4 e5 5. Nb5 d6 6. N1c3 a6 7. Na3 Be6
8. Nc4 b5 9. Ne3 Nf6 10. Bd3 g6 11. O-O Bg7 12. a4 b4 13. Ncd5 O-O 14. Bd2
a5 15. c3 1/2-1/2

[Event "SPA Open A"]
[Site "Amsterdam NED"]
[Date "2011.07.17"]
[Round "9"]
[White "Reinderman,D"]
[Black "Posedaru,B"]
[Result "1/2-1/2"]
[WhiteElo "2618"]
[BlackElo "2354"]
[EventDate "2011.07.09"]

1. c4 e5 2. g3 Nf6 3. Bg2 g6 4. Nc3 Bg7 5. Nf3 Nc6 6. d4 exd4 7. Nxd4 O-O
8. O-O Re8 9. Nc2 d6 10. h3 Be6 11. Ne3 Ne5 12. b3 Qc8 13. Kh2 h5 14. Bb2
h4 15. g4 Nfxg4+ 16. hxg4 Nxg4+ 17. Nxg4 Bxg4 18. Qd3 Bxe2 19. Nxe2 Bxb2
20. Rae1 c6 21. f4 Qg4 22. Bf3 Qe6 23. Ng1 Qf6 24. Nh3 Bc3 25. Re4 Rxe4 26.
Bxe4 Re8 27. Rg1 Kh8 28. Rg4 Be1 29. Ng5 Bg3+ 30. Kh3 Re7 31. f5 gxf5 32.
Bxf5 Re5 33. Qd2 Rxf5 34. Ne4 Qe6 35. Ng5 Qf6 36. Ne4 Qe6 37. Ng5 Qf6
1/2-1/2